000 00828nam a2200241 a 4500
001 000034960
005 20200930074019.0
008 111024s1990 sp a 000 f spa d
020 _a843207022X
040 _aDO-SdBNP
_bspa
_cBNPHU
082 _a863.44
_bG146m
100 1 _aGala, Antonio,
_d1936-
_917649
245 1 3 _aEl manuscrito carmesí /
_cAntonio Gala.
260 _aBarcelona :
_bPlaneta,
_c1990.
300 _a611 p. ;
_c21 cm.
490 1 _aColección autores españoles e hispanoamericanos.
586 _aPremio Planeta, 1990.
590 _aPerteneció a la biblioteca personal de Juan Isidro Jimenes Grullón.
650 4 _aNovela española
_91123
650 4 _aLiteratura española
_9632
830 0 _aColección autores españoles e hispanoamericanos
_960552
910 _aValidado. Control de calidad BNPHU
999 _c34451
_d34451